Historia de la teoría política.
Sparad:
| Huvudupphovsman: | |
|---|---|
| Materialtyp: | Bok |
| Publicerad: |
México D.F., México:
Fondo de Cultura Económica,
1965.
|
| Upplaga: | Tercera edición en español. |
| Serie: | Obras de Política.
|
| Ämnen: | |
| Taggar: |
Lägg till en tagg
Inga taggar, Lägg till första taggen!
|
MARC
| LEADER | 00000nam a22000007a 4500 | ||
|---|---|---|---|
| 001 | UCY1000 | ||
| 003 | CL-VaPUC | ||
| 005 | 20220822114553.0 | ||
| 008 | 220707t1965 ||||| |||| 00| 0 eng d | ||
| 999 | |c 436803 |d 436801 | ||
| 040 | |c Pontificia Universidad Católica de Valparaíso | ||
| 082 | 0 | 4 | |a 320.01 SAB 1965 |2 21 |
| 100 | 0 | |a Sabine, George H |e autor |9 328862 | |
| 245 | 1 | 0 | |a Historia de la teoría política. |
| 250 | |a Tercera edición en español. | ||
| 260 | |a México D.F., México: |b Fondo de Cultura Económica, |c 1965. | ||
| 300 | |a 677 páginas | ||
| 490 | |a Obras de Política. | ||
| 500 | |a c.1- Donación Familia Prof. Alejandro Guzmán Brito. | ||
| 583 | |a last modification |c 20180327 04:37:05 |k Cristina María Rojas Aguilar | ||
| 650 | 0 | |a Teoría política |x Historia |9 856335 | |
| 650 | 0 | |a Política económica |9 255029 | |
| 650 | |a Filosofía política |9 856336 | ||
| 650 | 0 | |a Ideologías políticas |9 255735 | |
| 942 | |c BK |2 ddc |n 0 | ||
| 952 | |0 0 |1 0 |2 ddc |4 0 |6 320_010000000000000_SAB_1965 |7 1 |8 C_AGB |9 584532 |a BIBDER |b BIBDER |d 2022-07-07 |e Donación |i 5652594 |o 320.01 SAB 1965 |p 5652594 |r 2023-01-25 |t 1 |w 2022-07-07 |y BK_US |k AGB | ||